01613nam a2200265 a 450000100100000000500170001000800410002704000250006811101340009324502150022726000740044230000290051649000530054550501230059850000730072153400680079470000460086270000450090871000600095371000470101383000600106095201050112095201050122599900170133000004101220201002034542.0130913s2005 sp a 000 0 spa d aDO-SdBNPbspacBNPHU1 aSimposio Internacional de Arqueología de Mérida "Protohistoria del Mediterráneo Occidental"n(3º :d2003cMérida)96746813aEl período orientalizante :bactas del III Simposio Internacional de Arqueología de Mérida, Protohistoria del Mediterráneo Occidental /ceditores Sebastián Celestino Pérez, Javier Jiménez Ávila. aMérida :bConsejo Superior de Investigaciones Científicas,c2005. a1440 p. :bil. ;c29 cm.1 aAnejos de Archivo español de arqueologíav350 gv. 2 :tActas del III Simposio Internacional de Arqueología de Mérida, Protohistoria del Mediterráneo Occidental aIncluye referencias bibliográficas y notas al pie de las páginas aTextos en español, inglés, alemán, italiano y portugués1 aCelestino Pérez, Sebastiánded9674691 aJiménez Ávila, F. Javiereed.9674702 aConsejo Superior de Investigaciones Científicas947862 aMinisterio de Educación y Ciencia967471 0aAnejos de Archivo español de arqueologíav35967472 001050718MOaGRbGRcCTd2013-09-13iLF1l0o p41012-10r2020-06-25w2020-06-25y1ZNo se presta 001050718MOaGRbGRcCTd2013-10-17iLF1l0o p41012-20r2020-06-25w2020-06-25y1ZNo se presta c40502d40502